Publicity power : a practical guide to effective promotion

Bibliographic Details
Main Author: Mallory, Charles
Format: Book
Published: California : Crisp Publications , 1989
Subjects:

MARC

LEADER 00000cam a2200000 7i4500
001 0000001294
002 000001426
005 20000330.0
020 |a 0931961823 
090 0 0 |a 659.1   |b MAL 
100 1 |a Mallory, Charles 
245 1 0 |a Publicity power :   |b a practical guide to effective promotion   |c Charles Mallory 
260 |a California :   |b Crisp Publications ,   |c 1989 
300 |a 70p. ;   |c 27cm. 
650 0 0 |a Advertising campaigns 
999 |a 025079   |b BUKU   |c PINJAMAN   |e PERPUSTAKAAN KOMUNITI PETALING JAYA 
999 |a 032677   |b BUKU   |c PINJAMAN   |e PERPUSTAKAAN KOMUNITI PETALING JAYA